[Event "Politiken Cup 2011"]
[Site "Helsingor"]
[Date "2011.07.31"]
[Round "2.5"]
[White "Schou-Moldt, Thomas"]
[Black "Gustafsson, Jan"]
[Result "0-1"]
[WhiteElo "2167"]
[BlackElo "2634"]
[PlyCount "66"]
[EventDate "2011.??.??"]
[WhiteTeam "Allerød"]

1. e4 c5 2. Nf3 e6 3. d4 cxd4 4. Nxd4 a6 5. Nc3 b5 6. a3 Bb7 7. Be2 Qc7 8. O-O
Nf6 9. Bf3 d6 10. Re1 Nbd7 11. Bg5 Be7 12. Bxf6 Nxf6 13. Be2 O-O 14. Qd3 Rac8
15. Qh3 Rfe8 16. Bd3 g6 17. Rad1 Qb6 18. Nb3 Bf8 19. Nb1 Bg7 20. c3 e5 21. N1d2
d5 22. Bb1 Rcd8 23. Rc1 h5 24. Qf3 Bh6 25. Rcd1 Kg7 26. h3 a5 27. Qe2 a4 28.
Na1 dxe4 29. Nxe4 Nd5 30. Rxd5 Bxd5 31. Ng3 e4 32. Nf1 Bc4 33. Qc2 Bd3 0-1

[Event "Politiken Cup 2011"]
[Site "Helsingor"]
[Date "2011.07.31"]
[Round "2.6"]
[White "Kurnosov, Igor"]
[Black "Tuhrim, Richard"]
[Result "1-0"]
[WhiteElo "2633"]
[BlackElo "2163"]
[PlyCount "199"]
[EventDate "2011.??.??"]
[BlackTeam "Marshall"]

1. e4 e6 2. d4 d5 3. Nc3 Bb4 4. e5 Ne7 5. a3 Bxc3+ 6. bxc3 b6 7. Qg4 Ng6 8. h4
h5 9. Qd1 Qd7 10. Bg5 Ba6 11. Bxa6 Nxa6 12. Qd3 Qa4 13. Ne2 c5 14. O-O Rc8 15.
f4 O-O 16. f5 exf5 17. Qxf5 cxd4 18. e6 Qe8 19. Nf4 fxe6 20. Qxg6 Qxg6 21. Nxg6
Rxf1+ 22. Rxf1 Rxc3 23. Bc1 Rxc2 24. g4 hxg4 25. h5 Kh7 26. Nf8+ Kg8 27. Nxe6
Rc8 28. Nxd4 Rc3 29. Ne6 Rg3+ 30. Kh2 Rh3+ 31. Kg2 Rxh5 32. Rf8+ Kh7 33. Rf7
Nc5 34. Nf4 Rg5 35. Bb2 a5 36. Bd4 g3 37. Re7 a4 38. Kf3 Kg8 39. Ra7 Kh7 40.
Nh3 Rg6 41. Nf4 Rg5 42. Kg2 Kg8 43. Bb2 Rg4 44. Nxd5 Nd3 45. Bc3 Rg5 46. Ne7+
Kf7 47. Bd2 Rb5 48. Nc6+ Kg6 49. Nb4 Nxb4 50. Bxb4 Rf5 51. Rxa4 b5 52. Ra6+ Kf7
53. Ra7+ Kf6 54. Bc3+ Ke6 55. Rxg7 Kd5 56. Rg4 Rf8 57. Bb4 Rf7 58. Rxg3 Kc6 59.
Rg6+ Kd5 60. Rh6 Rf5 61. Kg3 Rf7 62. Kg4 Rf1 63. Kg5 Rf3 64. Kg4 Rf7 65. Rh3
Kc6 66. Rd3 Rf6 67. Kg5 Re6 68. Kf5 Rh6 69. Bf8 Rh8 70. Rc3+ Kb6 71. Bb4 Re8
72. Rd3 Rc8 73. Ke6 Rc6+ 74. Kd5 Rh6 75. Re3 Rh5+ 76. Kd4 Rh4+ 77. Kc3 Rh6 78.
Be7 Rg6 79. Re4 Rc6+ 80. Kb3 Rc4 81. Re6+ Kb7 82. Bg5 Rg4 83. Bd8 Ka7 84. Ba5
Ra4 85. Re7+ Ka6 86. Bd2 Kb6 87. Be3+ Kc6 88. Re6+ Kc7 89. Rb6 Re4 90. Bc5 Re5
91. Kb4 Re8 92. Kxb5 Re1 93. Bd6+ Kd7 94. a4 Rb1+ 95. Bb4 Kc7 96. a5 Rb2 97.
Ka6 Kc8 98. Rc6+ Kd7 99. Rc4 Rb1 100. Kb7 1-0

[Event "Politiken Cup 2011"]
[Site "Helsingor"]
[Date "2011.07.31"]
[Round "2.7"]
[White "Leutwyler, Martin"]
[Black "Khenkin, Igor"]
[Result "0-1"]
[WhiteElo "2163"]
[BlackElo "2620"]
[PlyCount "48"]
[EventDate "2011.??.??"]
[WhiteTeam "St.Gallen"]

1. d4 d5 2. Nf3 c6 3. c4 dxc4 4. e3 b5 5. a4 e6 6. axb5 cxb5 7. b3 Bb4+ 8. Bd2
Bxd2+ 9. Nbxd2 a5 10. bxc4 b4 11. Ne5 Nf6 12. Be2 O-O 13. Bf3 Ra6 14. O-O Qc7
15. c5 Nd5 16. Ne4 Bd7 17. Qd3 a4 18. Ng5 g6 19. e4 Nc3 20. Bg4 Bb5 21. Qh3 f5
22. Bf3 Bxf1 23. Rxf1 Qe7 24. Qh6 a3 0-1

[Event "Politiken Cup 2011"]
[Site "Helsingor"]
[Date "2011.07.31"]
[Round "2.9"]
[White "Johansson, Linus"]
[Black "Hammer, Jon Ludvig"]
[Result "0-1"]
[WhiteElo "2159"]
[BlackElo "2610"]
[PlyCount "50"]
[EventDate "2011.??.??"]
[WhiteTeam "Limhamn"]

1. d4 Nf6 2. c4 e6 3. Nc3 Bb4 4. e3 c5 5. Bd3 O-O 6. Nf3 d5 7. O-O Nc6 8. a3
Bxc3 9. bxc3 Qc7 10. cxd5 exd5 11. h3 Re8 12. c4 dxc4 13. Bxc4 cxd4 14. exd4
Bf5 15. Bg5 Ne4 16. Be3 Na5 17. Ba2 Rad8 18. Rc1 Qd6 19. Qa4 b6 20. d5 Bd7 21.
Qb4 Qg6 22. Kh2 Nb7 23. Bb1 Nbc5 24. Bxc5 bxc5 25. Bxe4 Qd6+ 0-1

[Event "Politiken Cup 2011"]
[Site "Helsingor"]
[Date "2011.07.31"]
[Round "2.10"]
[White "Hess, Robert L"]
[Black "Poulsen, Klaus E"]
[Result "1-0"]
[WhiteElo "2609"]
[BlackElo "2148"]
[PlyCount "41"]
[EventDate "2011.??.??"]
[BlackTeam "Odysseus"]

1. e4 e6 2. d4 d5 3. Nc3 Bb4 4. e5 c5 5. a3 Bxc3+ 6. bxc3 Qa5 7. Bd2 Qa4 8. Qb1
a6 9. Qb3 Qc6 10. Nf3 Nd7 11. Be2 Ne7 12. O-O O-O 13. a4 f6 14. exf6 gxf6 15.
c4 Kh8 16. cxd5 exd5 17. c4 dxc4 18. Qxc4 cxd4 19. Bb4 Re8 20. Qf7 Rf8 21. Qxe7
1-0

[Event "Politiken Cup 2011"]
[Site "Helsingor"]
[Date "2011.07.31"]
[Round "2.11"]
[White "Klings, Peter"]
[Black "Krasenkow, Michal"]
[Result "0-1"]
[WhiteElo "2149"]
[BlackElo "2607"]
[PlyCount "100"]
[EventDate "2011.??.??"]
[WhiteTeam "St. Gallen"]

1. e4 c5 2. a3 g6 3. c3 d5 4. exd5 Qxd5 5. d4 Bh6 6. Nf3 Bxc1 7. Qxc1 Nf6 8.
dxc5 Qxc5 9. Be2 O-O 10. O-O Rd8 11. b4 Qc7 12. c4 a5 13. Nc3 axb4 14. axb4
Rxa1 15. Qxa1 Bg4 16. Nb5 Qf4 17. Qc1 Qxc1 18. Rxc1 Nc6 19. Nc3 Nxb4 20. Rb1
Bxf3 21. Bxf3 Rd3 22. Nd1 Nc6 23. Rxb7 Nd4 24. Ne3 e5 25. Re7 Ne6 26. g3 e4 27.
Bg2 Rc3 28. h3 Rc1+ 29. Kh2 Kg7 30. Rb7 Nc5 31. Rb2 Nfd7 32. Rc2 Ra1 33. g4 Kf6
34. Kg3 Ke6 35. h4 Ne5 36. g5 Ned3 37. Re2 Ra3 38. Bh3+ Kd6 39. Bf1 Ne6 40. Rd2
Kc5 41. Bxd3 exd3 42. Rb2 Kd4 43. Rb7 Nc5 44. Rb8 d2 45. Rd8+ Kc3 46. Kf3 Ra1
47. Nd5+ Kb2 48. Ne3 Kc1 49. Ke2 Ra2 50. Nd1 Ne6 0-1

[Event "Politiken Cup 2011"]
[Site "Helsingor"]
[Date "2011.07.31"]
[Round "2.12"]
[White "Berg, Emanuel"]
[Black "Pedersen, Henrik B"]
[Result "1-0"]
[WhiteElo "2604"]
[BlackElo "2146"]
[PlyCount "71"]
[EventDate "2011.??.??"]
[WhiteTeam "OSS"]
[BlackTeam "Herlev"]

1. e4 e5 2. Nf3 Nc6 3. Bb5 Nf6 4. O-O Nxe4 5. d4 Nd6 6. Bxc6 dxc6 7. dxe5 Nf5
8. Qxd8+ Kxd8 9. Nc3 a5 10. Bf4 h6 11. Rad1+ Ke8 12. e6 Bd6 13. exf7+ Kxf7 14.
Ne5+ Kg8 15. Ng6 Rh7 16. Bxd6 Nxd6 17. Rfe1 Bg4 18. f3 Bh5 19. Nf4 Bf7 20. h4
Rh8 21. h5 Rc8 22. Ne4 Nc4 23. b3 Nb6 24. Ng6 Bxg6 25. hxg6 Nd5 26. Nc5 Nf4 27.
Nxb7 Nxg6 28. Nxa5 Ra8 29. Nxc6 Rxa2 30. Nb4 Ra5 31. Rd7 Rc5 32. c4 Kh7 33. Na6
Rc6 34. Nxc7 Rb8 35. Ne6 Rxb3 36. Rxg7+ 1-0

[Event "Politiken Cup 2011"]
[Site "Helsingor"]
[Date "2011.07.31"]
[Round "2.13"]
[White "Lindgren, Philip"]
[Black "Tikkanen, Hans"]
[Result "1/2-1/2"]
[WhiteElo "2145"]
[BlackElo "2596"]
[PlyCount "119"]
[EventDate "2011.??.??"]
[WhiteTeam "Limhamn"]

1. d4 e6 2. c4 b6 3. Nf3 Bb7 4. g3 Bb4+ 5. Bd2 Bxf3 6. exf3 Bxd2+ 7. Qxd2 Qf6
8. Bg2 Nc6 9. d5 Na5 10. Qe2 Ne7 11. O-O O-O 12. f4 Rae8 13. Re1 Nf5 14. Na3 d6
15. Rac1 Nb7 16. Nb5 Nd4 17. Qd2 e5 18. fxe5 dxe5 19. Nxc7 Re7 20. Nb5 Nxb5 21.
cxb5 Nd6 22. Rc6 Rd8 23. Qb4 g6 24. Re3 Red7 25. Qe1 e4 26. Qb4 Qe5 27. Bxe4
Nxe4 28. Qxe4 Qxb2 29. Rd3 Qb1+ 30. Kg2 Rxd5 31. Re3 Qxb5 32. Rc7 Rd1 33. Re2
R1d7 34. Rec2 Rxc7 35. Rxc7 Rd1 36. Qc4 Qxc4 37. Rxc4 Rd2 38. a4 Ra2 39. Kf3
Kf8 40. h4 h5 41. Ke3 Ke8 42. f3 Kd7 43. Kf4 Rd2 44. Kg5 Rd5+ 45. Kh6 a6 46. g4
b5 47. axb5 axb5 48. Rf4 Ke8 49. Kg7 Rd7 50. gxh5 gxh5 51. Rf5 Rb7 52. Rxh5 f5+
53. Kg6 Rb6+ 54. Kxf5 b4 55. Rh8+ Kf7 56. Rh7+ Kf8 57. Rc7 b3 58. Rc1 Rb4 59.
Rb1 Kg7 60. Rb2 1/2-1/2

[Event "Politiken Cup 2011"]
[Site "Helsingor"]
[Date "2011.07.31"]
[Round "2.14"]
[White "Hansen, Sune Berg"]
[Black "Lercel, Michal"]
[Result "1-0"]
[WhiteElo "2574"]
[BlackElo "2141"]
[PlyCount "66"]
[EventDate "2011.??.??"]
[WhiteTeam "Helsingør"]
[BlackTeam "Oksir Wiznia Mala"]

1. c4 e5 2. g3 Nf6 3. Bg2 c6 4. d4 exd4 5. Qxd4 d5 6. Nf3 Be7 7. cxd5 cxd5 8.
O-O O-O 9. Qa4 Nbd7 10. Be3 Nc5 11. Qd1 Nce4 12. Bd4 Be6 13. Nc3 Qa5 14. Nd2
Rfd8 15. Nb3 Qa6 16. Qd3 Qxd3 17. exd3 Nxc3 18. Bxc3 Nd7 19. Nd4 Nc5 20. Nxe6
Nxe6 21. Rfe1 Rac8 22. Re2 Bf8 23. Rd1 Rc6 24. f4 Ra6 25. a3 Nc5 26. Bd4 Ra4
27. Bf2 Ra6 28. Re5 Na4 29. Rd2 Rad6 30. Bf3 g6 31. Bd1 Nb6 32. Rde2 Rc8 33.
Bb3 Rdd8 1-0

[Event "Politiken Cup 2011"]
[Site "Helsingor"]
[Date "2011.07.31"]
[Round "2.15"]
[White "Nielsen, John Bauneborg"]
[Black "Ruck, Robert"]
[Result "0-1"]
[WhiteElo "2140"]
[BlackElo "2569"]
[PlyCount "114"]
[EventDate "2011.??.??"]
[WhiteTeam "Nørresundby"]

1. d4 Nf6 2. c4 g6 3. Nc3 Bg7 4. g3 d5 5. Bg2 dxc4 6. Qa4+ Nfd7 7. Nf3 Nc6 8.
Be3 Nb6 9. Qd1 O-O 10. Qd2 Rb8 11. O-O Bg4 12. Rfd1 Qc8 13. Bh6 Rd8 14. Bxg7
Kxg7 15. d5 e6 16. Ng5 exd5 17. Nxd5 Nxd5 18. Bxd5 f6 19. Qc3 Re8 20. f3 Ne5
21. Ne4 Bf5 22. Nf2 b5 23. a4 b4 24. Qd4 c5 25. Qf4 g5 26. Qc1 c3 27. bxc3 b3
28. Qb2 Be6 29. c4 Bxd5 30. cxd5 c4 31. Ne4 g4 32. Kg2 gxf3+ 33. exf3 Qf5 34.
Rf1 Red8 35. Qd4 a5 36. d6 Qe6 37. Rad1 Nd3 38. Qa7+ Kh8 39. Qxa5 Qe5 40. Qxe5
fxe5 41. f4 exf4 42. gxf4 b2 43. f5 Re8 44. Kf3 Rb3 45. Nd2 Ne5+ 46. Kf4 Rb4
47. Nxc4 Rxc4+ 48. Kg5 Nf7+ 49. Kf6 Nxd6 50. Rxd6 Rc1 51. Rdd1 Rec8 52. Rfe1
b1=Q 53. Rxc1 Qxc1 54. Rxc1 Rxc1 55. Kf7 Ra1 56. f6 Rxa4 57. Kf8 Rh4 0-1

[Event "Politiken Cup 2011"]
[Site "Helsingor"]
[Date "2011.07.31"]
[Round "2.16"]
[White "Hector, Jonny"]
[Black "Andersson, Christin"]
[Result "1-0"]
[WhiteElo "2568"]
[BlackElo "2134"]
[PlyCount "51"]
[EventDate "2011.??.??"]
[WhiteTeam "Nordkalotten"]
[BlackTeam "SK Bara Bønder"]

1. d4 e6 2. e4 d5 3. Nc3 Bb4 4. e5 Nd7 5. Qg4 g6 6. Nf3 c5 7. a3 cxd4 8. axb4
dxc3 9. Bd3 cxb2 10. Bxb2 Ne7 11. O-O O-O 12. h4 f5 13. exf6 Nxf6 14. Qg5 Nf5
15. Bxf5 exf5 16. Rad1 Ng4 17. Qf4 a5 18. c4 Qe7 19. Rxd5 a4 20. Re1 Qxb4 21.
Rb5 Qxe1+ 22. Nxe1 Re8 23. Nd3 Ra6 24. Qd4 Nf6 25. Rb6 Rxb6 26. Qxb6 1-0

[Event "Politiken Cup 2011"]
[Site "Helsingor"]
[Date "2011.07.31"]
[Round "2.17"]
[White "Eriksson, Christian"]
[Black "Radulski, Julian"]
[Result "0-1"]
[WhiteElo "2129"]
[BlackElo "2556"]
[PlyCount "64"]
[EventDate "2011.??.??"]
[WhiteTeam "Herlev"]

1. e4 e5 2. Nf3 Nc6 3. Bb5 g6 4. d4 exd4 5. Bg5 Be7 6. Bxe7 Qxe7 7. Bxc6 dxc6
8. Qxd4 Nf6 9. Nc3 Bg4 10. O-O-O Bxf3 11. gxf3 O-O 12. Qe3 Rfe8 13. Ne2 a5 14.
Ng3 a4 15. a3 b5 16. h4 b4 17. h5 Rab8 18. hxg6 fxg6 19. Ne2 Qf7 20. axb4 Rxb4
21. Qc3 Rc4 22. Qa3 Nd5 23. Rd2 Nb4 24. Kb1 Rf8 25. Rh3 Rb8 26. Nc1 c5 27. c3
Nc6 28. Rd5 Qe6 29. Rg3 Na5 30. Rgg5 Nb3 31. Nxb3 Rxb3 32. Qa2 Qf6 0-1

[Event "Politiken Cup 2011"]
[Site "Helsingor"]
[Date "2011.07.31"]
[Round "2.18"]
[White "Rapport, Richard"]
[Black "Christiansen, Jens Jorgen"]
[Result "1/2-1/2"]
[WhiteElo "2545"]
[BlackElo "2115"]
[PlyCount "67"]
[EventDate "2011.??.??"]
[BlackTeam "Nørresundby"]

1. d4 d5 2. c4 c6 3. Nf3 Nf6 4. Nc3 dxc4 5. a4 Na6 6. e4 Bg4 7. Bxc4 e6 8. Be3
Nb4 9. O-O Be7 10. Rc1 O-O 11. h3 Bh5 12. g4 Bg6 13. Ne5 Nd7 14. f4 Nxe5 15.
dxe5 Qa5 16. Qf3 h6 17. Rfd1 Rad8 18. Qf2 Bh7 19. h4 Kh8 20. Kh2 Qc7 21. g5 c5
22. Kh3 Qc8 23. Qf3 Nd5 24. Ne2 Nxe3 25. Qxe3 Qc6 26. Nc3 a6 27. b3 Rd4 28.
Rxd4 cxd4 29. Qxd4 Rd8 30. Qe3 Bc5 31. Qe2 Bb4 32. Na2 Ba3 33. Rc3 Qxe4 34.
Qxe4 1/2-1/2

[Event "Politiken Cup 2011"]
[Site "Helsingor"]
[Date "2011.07.31"]
[Round "2.19"]
[White "Christensen, Janus"]
[Black "Danielsen, Henrik"]
[Result "0-1"]
[WhiteElo "2127"]
[BlackElo "2535"]
[PlyCount "110"]
[EventDate "2011.??.??"]
[WhiteTeam "SK68"]
[BlackTeam "BMS"]

1. e4 d6 2. d4 Nf6 3. Nc3 g6 4. h3 Bg7 5. Be3 c6 6. Bd3 Nbd7 7. f4 e5 8. Nf3
Qc7 9. fxe5 dxe5 10. O-O O-O 11. Ne2 Re8 12. dxe5 Nxe5 13. Nxe5 Qxe5 14. Bd4
Qg5 15. Nc3 Rd8 16. Bxf6 Bxf6 17. Qf3 Bd4+ 18. Kh1 Be6 19. Rae1 Qe5 20. Nd1
Bxb2 21. Nxb2 Qxb2 22. Rb1 Qxa2 23. Rxb7 Rab8 24. Qf6 Rdc8 25. Ra1 Rxb7 26.
Rxa2 Bxa2 27. Ba6 Rb1+ 28. Kh2 Rf8 29. Qxc6 Rb6 30. Qa4 Be6 31. c4 Bd7 32. Qxd7
Rxa6 33. c5 Re6 34. Qxa7 Rc8 35. Kg3 Rec6 36. e5 Rxc5 37. e6 fxe6 38. Qe7 R5c6
39. Kh4 Rf8 40. g4 h6 41. Qd7 Rfc8 42. Qe7 R8c7 43. Qf6 Kh7 44. Kg3 Rc3+ 45.
Kf2 Rb3 46. Ke2 Ra7 47. Kd2 Rxh3 48. Kc2 Re3 49. Qd4 Rea3 50. Qe5 R3a6 51. Kb3
Rc6 52. Qb8 Rcc7 53. Qe8 Rab7+ 54. Ka3 Rb6 55. Qa4 Rcb7 0-1

[Event "Politiken Cup 2011"]
[Site "Helsingor"]
[Date "2011.07.31"]
[Round "2.20"]
[White "Petrov, Marijan"]
[Black "Bratholm, Palle"]
[Result "1-0"]
[WhiteElo "2534"]
[BlackElo "2111"]
[PlyCount "91"]
[EventDate "2011.??.??"]
[BlackTeam "Sjælsø"]

1. e4 e5 2. Nf3 Nc6 3. Bc4 Nf6 4. d3 Be7 5. O-O O-O 6. Re1 d6 7. c3 Bg4 8. h3
Bh5 9. Nbd2 Qd7 10. a4 Rad8 11. a5 a6 12. Nf1 Qc8 13. Ng3 Bg6 14. Nh4 d5 15.
exd5 Nxd5 16. Nxg6 hxg6 17. Qb3 Nf6 18. Ne4 Nxe4 19. dxe4 g5 20. Re3 Rd6 21.
Rg3 Qd8 22. Be3 g6 23. Rf3 Qe8 24. Qxb7 Nd8 25. Qa7 Qc6 26. Bc5 Rd7 27. Bxe7
Rxe7 28. Qxa6 Qxe4 29. Qf6 Rfe8 30. b3 Qc6 31. Qxc6 Nxc6 32. Rf6 Na7 33. Rxg6+
Kh7 34. Rxg5 c6 35. Re1 f6 36. Rg3 e4 37. Rge3 f5 38. f3 Nc8 39. fxe4 Nd6 40.
e5 Nxc4 41. bxc4 Ra8 42. e6 Rxa5 43. Re5 Rxe5 44. Rxe5 Kg6 45. Kf2 Kf6 46. Re2
1-0

[Event "Politiken Cup 2011"]
[Site "Helsingor"]
[Date "2011.07.31"]
[Round "2.21"]
[White "Brondum, Eric"]
[Black "Cmilyte, Viktorija"]
[Result "0-1"]
[WhiteElo "2112"]
[BlackElo "2528"]
[PlyCount "74"]
[EventDate "2011.??.??"]
[WhiteTeam "K41"]
[BlackTeam "Skanderborg"]

1. e4 c5 2. Nf3 Nc6 3. d4 cxd4 4. c3 dxc3 5. Nxc3 e6 6. Bc4 a6 7. O-O Nge7 8.
Qe2 b5 9. Bb3 Ng6 10. Rd1 Qc7 11. g3 Bc5 12. Be3 d6 13. Rac1 O-O 14. h4 Nge5
15. Nd4 Nxd4 16. Bxd4 Qb6 17. Bxc5 dxc5 18. Kh2 c4 19. Bc2 h5 20. Kg2 Ng4 21.
Re1 Bb7 22. f3 Ne5 23. Nd1 Rad8 24. Nf2 Qd4 25. Bb1 f5 26. Rcd1 Qb6 27. f4 Ng4
28. Nxg4 hxg4 29. Qf2 Qc6 30. Kh2 g6 31. Qe2 Qb6 32. Bc2 Rxd1 33. Rxd1 Rd8 34.
Rxd8+ Qxd8 35. Qe3 Kf7 36. h5 gxh5 37. exf5 exf5 0-1

[Event "Politiken Cup 2011"]
[Site "Helsingor"]
[Date "2011.07.31"]
[Round "2.22"]
[White "Romanishin, Oleg M"]
[Black "Jensen, Michael Agermose"]
[Result "1-0"]
[WhiteElo "2526"]
[BlackElo "2109"]
[PlyCount "93"]
[EventDate "2011.??.??"]
[BlackTeam "Frem"]

1. d4 g6 2. g3 Bg7 3. Bg2 d6 4. Nc3 Nd7 5. a4 a5 6. Nf3 e5 7. O-O Ne7 8. e4 O-O
9. Be3 f5 10. dxe5 Nxe5 11. Nxe5 Bxe5 12. Bg5 c6 13. Qd3 Qc7 14. Qc4+ Kg7 15.
Nd5 Nxd5 16. exd5 c5 17. Rfe1 Bd7 18. c3 Rae8 19. Re2 Bf6 20. Bxf6+ Rxf6 21.
Rae1 Rxe2 22. Rxe2 Qd8 23. Qf4 Qf8 24. h4 h6 25. b4 axb4 26. cxb4 cxb4 27. Qxb4
Rf7 28. f4 Qa8 29. a5 Qa6 30. Rb2 Qd3 31. Kh2 g5 32. Qxd6 gxh4 33. gxh4 Qd1 34.
Bh3 Kh7 35. Rg2 Qh5 36. Qb8 Rg7 37. Rxg7+ Kxg7 38. Qxb7 Qe2+ 39. Bg2 Qe7 40.
Qb2+ Kh7 41. Qf2 Qa3 42. Qe1 Qc5 43. h5 Ba4 44. Qe6 Qf2 45. Qg6+ Kh8 46. Qxh6+
Kg8 47. Qg5+ 1-0

[Event "Politiken Cup 2011"]
[Site "Helsingor"]
[Date "2011.07.31"]
[Round "2.73"]
[White "Okland, Sveinung"]
[Black "Zatonskih, Anna"]
[Result "0-1"]
[WhiteElo "1836"]
[BlackElo "2522"]
[PlyCount "74"]
[EventDate "2011.??.??"]
[WhiteTeam "Sandness"]

1. d4 d5 2. Bf4 Nf6 3. e3 c5 4. c3 Qb6 5. Na3 c4 6. Rb1 Bf5 7. Nc2 Qa5 8. Ra1
e6 9. f3 Qa4 10. Na3 Qxd1+ 11. Rxd1 Bxa3 12. bxa3 Nbd7 13. g4 Nxg4 14. e4 Bg6
15. Nh3 Ngf6 16. e5 Ng8 17. Bg5 Ne7 18. Bxe7 Kxe7 19. Nf4 Rhc8 20. h4 Bf5 21.
Rd2 g6 22. Bh3 Bxh3 23. Rxh3 h5 24. Rb2 Rc6 25. Rg3 Rb6 26. Rgg2 Rc8 27. Rb4
Rc7 28. Rgb2 Rcc6 29. Kd2 Nb8 30. Rxb6 Rxb6 31. Rxb6 axb6 32. Nh3 Na6 33. Ng5
Nc7 34. Nh7 Ne8 35. Ke3 Ng7 36. Kf4 Nf5 37. Nf6 Nxh4 0-1

[Event "Politiken Cup 2011"]
[Site "Helsingor"]
[Date "2011.07.31"]
[Round "2.76"]
[White "Schandorff, Lars"]
[Black "Borg, Flemming"]
[Result "1-0"]
[WhiteElo "2497"]
[BlackElo "1851"]
[PlyCount "39"]
[EventDate "2011.??.??"]
[WhiteTeam "Sydøstfyn"]
[BlackTeam "Allerød"]

1. d4 Nf6 2. c4 d6 3. Nf3 Nbd7 4. Nc3 e5 5. e4 c6 6. Be2 Be7 7. O-O O-O 8. Qc2
Re8 9. Rd1 Qc7 10. Rb1 Bf8 11. b4 a5 12. a3 axb4 13. axb4 g6 14. h3 Bg7 15. Be3
h6 16. d5 cxd5 17. Nb5 Qc6 18. exd5 Nxd5 19. Rxd5 Bf8 20. Rbd1 1-0

[Event "Politiken Cup 2011"]
[Site "Helsingor"]
[Date "2011.07.31"]
[Round "2.23"]
[White "Lilja, Richard"]
[Black "Johannessen, Leif Erlend"]
[Result "0-1"]
[WhiteElo "2111"]
[BlackElo "2496"]
[PlyCount "80"]
[EventDate "2011.??.??"]
[WhiteTeam "Skørping"]
[BlackTeam "OSS"]

1. e4 e6 2. d3 d5 3. Nd2 c5 4. Ngf3 Nf6 5. g3 g6 6. Bg2 Bg7 7. O-O O-O 8. Re1
Nc6 9. a3 b6 10. exd5 Nxd5 11. Nc4 Qc7 12. Rb1 Rd8 13. Qe2 f6 14. Ne3 Nde7 15.
b3 e5 16. Bb2 Be6 17. h4 Rac8 18. a4 a6 19. Ba3 h6 20. c3 Bf7 21. Bh3 Rb8 22.
Red1 Nd5 23. Nxd5 Bxd5 24. Nd2 Re8 25. Nf1 Qf7 26. Bg2 Bxg2 27. Kxg2 f5 28. h5
gxh5 29. Nd2 Rbd8 30. f3 Re6 31. Nf1 Rg6 32. Kh3 Bf6 33. Ne3 f4 34. gxf4 exf4
35. Nf5 Qd7 36. Qe4 Re8 37. Rg1 Bg5 38. Qc4+ Kh7 39. Qxa6 Qxf5+ 40. Kh2 Re2+
0-1

[Event "Politiken Cup 2011"]
[Site "Helsingor"]
[Date "2011.07.31"]
[Round "2.24"]
[White "Brynell, Stellan"]
[Black "Gershenov, Ben"]
[Result "1-0"]
[WhiteElo "2495"]
[BlackElo "2106"]
[PlyCount "75"]
[EventDate "2011.??.??"]
[WhiteTeam "Nordkalotten"]
[BlackTeam "Marshall"]

1. d4 Nf6 2. c4 e6 3. Nf3 b6 4. a3 Bb7 5. Nc3 d5 6. cxd5 Nxd5 7. e3 Be7 8. Bb5+
c6 9. Bd3 O-O 10. Qc2 h6 11. O-O Nxc3 12. bxc3 Nd7 13. e4 Qc7 14. Qe2 c5 15.
Bb2 c4 16. Bc2 b5 17. Rfb1 e5 18. Bc1 a6 19. a4 Bf6 20. Be3 Rfb8 21. h3 Qd6 22.
Rd1 Qe7 23. Bc1 exd4 24. Nxd4 Re8 25. Nf5 Qe6 26. Qf3 Ne5 27. Qg3 Ng6 28. Nd4
Qe5 29. f4 Qh5 30. e5 Be4 31. Bxe4 Qxd1+ 32. Kh2 Bh4 33. Qe3 Qe1 34. Bxa8 Rxa8
35. g3 Qxe3 36. Bxe3 Bd8 37. axb5 a5 38. Nc6 1-0

[Event "Politiken Cup 2011"]
[Site "Helsingor"]
[Date "2011.07.31"]
[Round "2.25"]
[White "Ramme, Christoph"]
[Black "Bulski, Krzysztof"]
[Result "0-1"]
[WhiteElo "2108"]
[BlackElo "2479"]
[PlyCount "76"]
[EventDate "2011.??.??"]
[WhiteTeam "SK Marmstorf"]
[BlackTeam "HetMaN Szopienice"]

1. d4 Nf6 2. c4 e6 3. Nc3 Bb4 4. Qc2 O-O 5. a3 Bxc3+ 6. Qxc3 b6 7. Bg5 Bb7 8.
e3 d6 9. Ne2 Nbd7 10. Qd3 Re8 11. Nc3 h6 12. Bh4 Nf8 13. f3 Ng6 14. Bf2 e5 15.
d5 e4 16. Qd2 Qe7 17. Be2 c6 18. dxc6 Bxc6 19. O-O-O Red8 20. Kb1 d5 21. cxd5
Nxd5 22. Nxe4 Ndf4 23. Qc2 Bxe4 24. fxe4 Nxe2 25. Rxd8+ Rxd8 26. Re1 Nc3+ 27.
Qxc3 Qxe4+ 28. Ka1 Qxg2 29. Bg3 Rd2 30. Qc8+ Kh7 31. Rb1 Qd5 32. Qc7 Qd7 33.
Rc1 Nf8 34. Qxd7 Rxd7 35. Rc7 Kg6 36. Ka2 Kf5 37. Kb3 Ke4 38. Kc4 Kxe3 0-1

[Event "Politiken Cup 2011"]
[Site "Helsingor"]
[Date "2011.07.31"]
[Round "2.26"]
[White "Antonsen, Mikkel"]
[Black "Hansen, Morten Moller"]
[Result "1-0"]
[WhiteElo "2471"]
[BlackElo "2097"]
[PlyCount "75"]
[EventDate "2011.??.??"]
[WhiteTeam "Næstvedj"]
[BlackTeam "Damhus"]

1. d4 d5 2. c4 e6 3. Nc3 f5 4. Nf3 c6 5. Bf4 Nf6 6. e3 Be7 7. Be2 O-O 8. O-O
Ne4 9. h3 Nd7 10. Qc2 g5 11. Bh2 Qe8 12. Ne1 Bd6 13. Bxd6 Nxd6 14. c5 Ne4 15.
Nxe4 fxe4 16. f3 Qg6 17. fxe4 Rxf1+ 18. Bxf1 dxe4 19. Qf2 Nf6 20. Qg3 Nd5 21.
Nc2 Bd7 22. Be2 Re8 23. Rf1 a6 24. Na3 Bc8 25. Nc4 Ne7 26. Qe5 Qg7 27. Qxe4 Rf8
28. Rxf8+ Kxf8 29. Nd6 Qg6 30. Qf3+ Kg7 31. e4 h6 32. Bc4 h5 33. Qg3 g4 34.
hxg4 hxg4 35. Qe5+ Kh7 36. Nxc8 Nxc8 37. Bxe6 Ne7 38. Bd7 1-0

[Event "Politiken Cup 2011"]
[Site "Helsingor"]
[Date "2011.07.31"]
[Round "2.27"]
[White "Poulsen, Iver"]
[Black "Arnold, Marc T"]
[Result "0-1"]
[WhiteElo "2102"]
[BlackElo "2445"]
[PlyCount "102"]
[EventDate "2011.??.??"]
[WhiteTeam "Esbjerg"]
[BlackTeam "Marshall Chess Club"]

1. e4 c5 2. Nc3 d6 3. Nge2 a6 4. g3 b5 5. Bg2 Bb7 6. O-O Nf6 7. d3 Nbd7 8. b3
e5 9. h3 Qc7 10. Bb2 g6 11. Qe1 Bg7 12. f4 c4 13. dxc4 bxc4 14. Rd1 Nc5 15. Nd5
Nxd5 16. exd5 O-O 17. fxe5 dxe5 18. Kh2 cxb3 19. axb3 Rfd8 20. Qc3 Rac8 21. Qe3
a5 22. Ba3 Bf8 23. Ng1 f5 24. Kh1 Bd6 25. c4 Ba6 26. Rfe1 Re8 27. Rb1 e4 28.
Ne2 Nd3 29. Bxd6 Qxd6 30. Rf1 a4 31. bxa4 Bxc4 32. Rb6 Qc5 33. Qd4 Ne5 34. Qxc5
Rxc5 35. Rc1 Rxd5 36. Nf4 Rd2 37. Rb4 Bf7 38. Bf1 g5 39. Ng2 Nd3 40. Bxd3 exd3
41. Rd4 Ree2 42. Ne1 Rh2+ 43. Kg1 Rxh3 44. Rd8+ Kg7 45. Rc7 Rxg3+ 46. Kf1 Rh3
47. Kg1 Re3 48. Ng2 Rg3 49. Rdd7 Rgxg2+ 50. Kf1 Rdf2+ 51. Ke1 d2+ 0-1

[Event "Politiken Cup 2011"]
[Site "Helsingor"]
[Date "2011.07.31"]
[Round "2.28"]
[White "Blomqvist, Erik"]
[Black "Krasenkova, Ilena"]
[Result "1-0"]
[WhiteElo "2438"]
[BlackElo "2092"]
[PlyCount "113"]
[EventDate "2011.??.??"]
[WhiteTeam "SK Rockaden"]

1. Nf3 Nf6 2. c4 g6 3. Nc3 d5 4. cxd5 Nxd5 5. Qc2 Nb4 6. Qa4+ N8c6 7. a3 Nd5 8.
Ne5 Nxc3 9. bxc3 Bd7 10. Nxd7 Qxd7 11. Rb1 Nd8 12. Qxd7+ Kxd7 13. g3 Bg7 14.
Bg2 c6 15. a4 Kc7 16. d4 Re8 17. O-O f5 18. e4 fxe4 19. Bxe4 Nf7 20. f4 Nd6 21.
Bd3 e6 22. Kg2 Rad8 23. h4 b6 24. h5 gxh5 25. Rh1 h6 26. Rxh5 Rh8 27. Ba3 Ne8
28. Re1 c5 29. Rxe6 cxd4 30. c4 Nf6 31. Rf5 Rhe8 32. Re7+ Rd7 33. Rxe8 Nxe8 34.
Kf3 Nd6 35. Rh5 Re7 36. Bc1 Nb7 37. f5 Nc5 38. Bf1 Nxa4 39. Bf4+ Kb7 40. Bxh6
Bxh6 41. Rxh6 Nc5 42. g4 d3 43. Rd6 Kc7 44. Rd5 a5 45. Bxd3 a4 46. f6 Rf7 47.
g5 a3 48. Bb1 Nd7 49. Rf5 Nf8 50. Kg4 Rd7 51. Rf3 Rd1 52. Ba2 Ne6 53. g6 Rg1+
54. Rg3 Rf1 55. g7 Rxf6 56. g8=Q Rf4+ 57. Kh3 1-0